000 02655cab a2200265 a 4500
005 20260110063931.0
008 991125c2020 mx fr p o 000 0 spa d
035 _aUPN01000235787
040 _aMX-MxUPN
_bspa
_eaacr2
049 _aART-E
100 1 _aAlaniz Hernández, Claudia
_6- jimenapicon@yahoo.com.ar
_934558
245 1 3 _aEl Servicio Profesional Docente: percepción de las condiciones laborales en educación básica en tres entidades de México
_h[recurso electrónico en línea]
506 0 _aAcceso abierto
520 3 _aAnte la complejidad conceptual del constructo impulsividad, autores como Whiteside y Lynam (2001) han sugerido que cuando se habla de impulsividad se refiere, a por lo menos, tres o cuatro fenómenos diferentes. Recientemente se ha propuesto un instrumento, adaptado en nuestro medio, para medir simultáneamente tres subtipos de impulsividad basados en esta teoría: el Cuestionario de Urgencia, Búsqueda de Sensaciones e Impulsividad (CUBI, 2017). El presente trabajo tiene por objetivo superador lograr su versión abreviada. La muestra estuvo formada por 675 participantes de la población general de la Capital Federal de la ciudad de Buenos Aires (Argentina) y se previó que no fueran psicólogos ni estudiantes de psicología para evitar variables contaminadoras sobre las respuestas del instrumento. El CUBI-18 se constituyó a partir del análisis de contenido de los 47 ítems originales. Para ello, hubo una selección de 6 ítems por cada escala, de acuerdo a la validez de contenido de los tres subtipos de impulsividad. Se alcanzó un índice kappa del 80% entre dos jueces evaluadores y se aplicó un análisis factorial exploratorio para reducir los 18 ítems. Para estimar la consistencia internde los factores obtenidos se aplicó el coeficiente omega. Fue posible reducir los datos extraídos con los 18 ítems en tres grandes dimensiones que se corresponden con los conceptos de Urgencia Compulsiva, Búsqueda de Sensaciones e Impulsividad por Imprevisión. Se prueba que las propiedades psicométricas del CUBI-18 mantienen las alcanzadas por el CUBI original. Esto permite contar con una prueba más breve e igualmente efectiva para la exploración de este constructo complejo
650 4 _aEducación básica
_97340
650 2 _aIdentidad
_914114
650 4 _aEducación y Estado
_919
653 0 _aTrabajo docente
653 0 _aCondiciones de trabajo
773 _gNo. 30 (2020), p. 8-33
_tCPU-e, revista de investigación educativa
_x1870-5308
856 4 0 _uhttps://cpue.uv.mx/index.php/cpue/article/view/2680/4530
905 _aArticulo
942 _cART-E
999 _c207882
_d207882